LEADER 00768nam0-22002771i-450- 001 990000100160403321 035 $a000010016 035 $aFED01000010016 035 $a(Aleph)000010016FED01 035 $a000010016 100 $a20011111d--------km-y0itay50------ba 101 0 $aita 105 $ay-------001yy 200 1 $aNote sur le jaugeage des puits artésiens$fG. Sagey. 210 $aParis$cCarilian-Goeury et V. Dalmont$d<1843?> 215 $a23 p., 1 tav.$cill.$d23 cm 300 $aEstr. da: Annales des mines, 1843, Tome 3 676 $a628.114 700 1$aSagey,$bG. 801 0$aIT$bUNINA$gRICA$2UNIMARC 901 $aBK 912 $a990000100160403321 952 $a13 AR 19 B 48$b4446$fFINBC 959 $aFINBC 997 $aUNINA DB $aING01